[Event "Montreal Oasis op"]
[Site "Montreal"]
[Date "2011.02.26"]
[Round "3"]
[White "Gauthier, Jeremie"]
[Black "Chiku Ratte, Olivier Kenta"]
[Result "0-1"]
[WhiteElo "1271"]
[BlackElo "2030"]
[PlyCount "78"]
[EventDate "2011.02.25"]
[EventType "swiss"]
[EventRounds "5"]
[EventCountry "CAN"]
[SourceTitle "EXT 2013"]
[Source "ChessBase"]
[SourceDate "2012.11.22"]
[SourceVersion "1"]
[SourceVersionDate "2012.11.22"]
[SourceQuality "1"]

1. e4 c5 2. Nf3 d6 3. d4 cxd4 4. Nxd4 Nf6 5. Nc3 g6 6. Bc4 Bg7 7. 0-0 Nc6 8. Be3 Ng4 9. Qd2 Nxe3 10. fxe3 0-0 11. Nb3 Ne5 12. Be2 Be6 13. Nd5 Bxd5 14. exd5 Rc8 15. c3 Qb6 16. Kh1 Bh6 17. Nd4 Qc5 18. Bf3 Nc4 19. Qe2 Nxe3 20. Rfe1 Rfe8 21. Qd3 Nc4 22. Re2 Bg5 23. Rae1 Ne5 24. Qb5 Qxb5 25. Nxb5 Bh4 26. Rf1 Nxf3 27. Rxf3 a6 28. Nd4 Rc5 29. g3 Bg5 30. h4 Bh6 31. Rd3 Rxd5 32. c4 Rc5 33. Nb3 Rc6 34. Na5 Rb6 35. Nb3 Bg7 36. Kg2 Kf8 37. Kf3 Rc8 38. Rde3 Bf6 39. Ke4 Rxc4+ 0-1